000
00305nam a2200121Ia 4500
008
220204s9999 xx 000 0 und d
082
_a
681.31MOD
_b
RAT
100
_a
Rathbone, Tina
245
0
_a
Modems for dummies
250
_a
Ed.2
260
_a
New Delhi
_b
Comdex Computer Publishing
_c
1995
942
_c
BK
999
_c
40997
_d
40997